00638 2200229 4500001002100000005001700021008004100038020001800079035002400097082001000121090001700131100002000148245008700168250001100255260003700266300001900303500003300322650001700355850001500372985000600387999001500393YOGYA-0209000003020220090227024445.0 ind  a979-494-064-X 0010-020900000030202 a158.4 a158.4bSak F aSAKSONO, Lukman aFilsafat kepemimpinanbStudi komparatif US Asmy,cOleh Lukman Saksono, Abri, Islam aCet. 1 aJakartabGrafikatama jaya,c1992 a348 hlmc21 cm aBibliografi : hlm. 347 - 348 aKepemimpinan aYOPDYOG(B) a1 a94A0020934